[Event "SVK Extraliga 2018/2019"]
[Site "?"]
[Date "2018.11.11"]
[Round "2.6"]
[White "Csonka, Attila"]
[Black "Vymazal, Bronislav"]
[Result "1/2-1/2"]
[WhiteElo "2347"]
[BlackElo "2343"]
[PlyCount "90"]
[EventDate "2018.??.??"]

1. e4 c5 2. Nf3 d6 3. d4 cxd4 4. Nxd4 Nf6 5. Nc3 a6 6. Bg5 e6 7. Qf3 h6 8. Bxf6
Qxf6 9. Qxf6 gxf6 10. O-O-O Bd7 11. Be2 Be7 12. f4 Nc6 13. Bh5 Rc8 14. f5 Nxd4
15. Rxd4 Kf8 16. Rf1 Rc5 17. g4 Kg7 18. h4 Rhc8 19. Rd2 Bc6 20. g5 exf5 21.
gxh6+ Kxh6 22. Bxf7 fxe4 23. Bd5 e3 24. Rd4 Bxd5 25. Rxd5 Re8 26. Kd1 Rc4 27.
Rf3 Bd8 28. Ke2 Rxh4 29. Rxe3 Rh2+ 30. Kd3 Rxe3+ 31. Kxe3 Be7 32. Kd3 Kg6 33.
Ne2 f5 34. Nd4 Rf2 35. a4 Kf6 36. b4 Rf1 37. b5 f4 38. bxa6 bxa6 39. Ke4 Re1+
40. Kxf4 Re5 41. c4 Bf8 42. Nf5 Ke6 43. Nd4+ Kf6 44. Nf5 Ke6 45. Nd4+ Kf6 {Ke4}
1/2-1/2

[Event "SVK Extraliga 2018/2019"]
[Site "Modra"]
[Date "2018.11.11"]
[Round "2.1"]
[White "Cernousek, Lukas"]
[Black "Balogh, Csaba"]
[Result "0-1"]
[WhiteElo "2436"]
[BlackElo "2629"]
[PlyCount "56"]
[EventDate "2018.??.??"]

1. e4 e5 2. Nf3 Nc6 3. Bb5 a6 4. Ba4 Nf6 5. O-O Be7 6. Re1 b5 7. Bb3 d6 8. c3
O-O 9. h3 Nb8 10. d4 Nbd7 11. Nbd2 c5 12. a4 Bb7 13. Bc2 Qc7 14. d5 c4 15. axb5
axb5 16. Rb1 Nc5 17. Re3 Nfd7 18. b3 cxb3 19. Nxb3 Na4 20. Bd2 Ndb6 21. Bd3 Nc4
22. Bxc4 bxc4 23. Na1 f5 24. exf5 Nb6 25. g4 Nxd5 26. Re1 Qc6 27. Nc2 Ra2 28.
Ne3 Nxe3 0-1

[Event "SVK Extraliga 2018/2019"]
[Site "Modra"]
[Date "2018.11.11"]
[Round "2.4"]
[White "Kozak, Adam"]
[Black "Wiewiora, Eneasz"]
[Result "1-0"]
[WhiteElo "2444"]
[BlackElo "2347"]
[PlyCount "55"]
[EventDate "2018.??.??"]

1. Nf3 Nf6 2. c4 g6 3. Nc3 Bg7 4. e4 d6 5. d4 O-O 6. Be2 e5 7. O-O Nc6 8. Be3
Ng4 9. Bg5 f6 10. Bh4 h5 11. h3 Nh6 12. dxe5 dxe5 13. Qb3 g5 14. Rad1 Qe8 15.
Bg3 g4 16. hxg4 hxg4 17. Nh4 Nd4 18. Rxd4 exd4 19. Nd5 Qh5 20. Nxc7 Rb8 21. c5+
Kh7 22. Nd5 Ra8 23. Bd3 Qg5 24. c6 Rf7 25. c7 Bf8 26. Nxf6+ Kg7 27. e5 Be7 28.
Ne8+ 1-0

[Event "SVK Extraliga 2018/2019"]
[Site "Modra"]
[Date "2018.11.11"]
[Round "2.7"]
[White "Bombek, Peter"]
[Black "Federic, Jozef"]
[Result "1/2-1/2"]
[WhiteElo "2217"]
[BlackElo "2213"]
[PlyCount "191"]
[EventDate "2018.??.??"]

1. d4 d5 2. Nf3 Nf6 3. c4 e6 4. e3 c6 5. Nbd2 Nbd7 6. Be2 Bd6 7. O-O O-O 8. Qc2
Qe7 9. b3 e5 10. dxe5 Nxe5 11. Bb2 Bg4 12. Rfe1 dxc4 13. Bxe5 Bxe5 14. Nxe5
Qxe5 15. Nxc4 Qc7 16. h3 Bxe2 17. Rxe2 Rad8 18. Rd1 Rxd1+ 19. Qxd1 Rd8 20. Rd2
Rxd2 21. Qxd2 h6 22. Qd6 Qc8 23. Qe7 Nd5 24. Qe5 Nf6 25. Qe7 Nd5 26. Qe5 Nf6
27. e4 b6 28. f3 Qd8 29. Nd6 Qc7 30. g4 Qd7 31. Kf2 Nh7 32. Ke3 Nf8 33. Nf5 Ne6
34. Qd6 Qxd6 35. Nxd6 Kf8 36. f4 Ke7 37. Nf5+ Kd7 38. h4 f6 39. Ng3 Ke7 40.
Nf5+ Kd7 41. Ng3 Ke7 42. f5 Nc7 43. Nh5 Ne8 44. g5 hxg5 45. hxg5 fxg5 46. e5
Kf7 47. Ke4 g6 48. Ng3 gxf5+ 49. Kxf5 Nc7 50. Ne4 g4 51. Ng5+ Ke7 52. Kxg4 Ne6
53. Nf3 c5 54. Kf5 b5 55. Ke4 Nc7 56. Ne1 Kd7 57. Nd3 Kc6 58. Nf4 a5 59. e6 Kd6
60. e7 Kxe7 61. Ke5 Kd7 62. Ng6 Kc6 63. Ne7+ Kb6 64. Nc8+ Kb7 65. Ne7 a4 66.
Nf5 Kc6 67. Ne7+ Kb6 68. Nc8+ Ka5 69. Kd6 Na6 70. bxa4 Kxa4 71. Nb6+ Kb4 72.
Nd5+ Kc4 73. Nf4 Nb4 74. Ne6 Nd3 75. Kc6 b4 76. Kb6 Kd5 77. Nc7+ Kd6 78. Nb5+
Ke5 79. a4 c4 80. a5 c3 81. a6 c2 82. a7 c1=Q 83. a8=Q Qg1+ 84. Kc7 Qg7+ 85.
Kb6 Qg1+ 86. Kc7 Qc5+ 87. Qc6 b3 88. Qxc5+ Nxc5 89. Kc6 b2 90. Na3 Kd4 91. Kb5
Ne4 92. Kb4 Nd2 93. Nb1 Kd3 94. Ka3 Kc2 95. Nxd2 Kxd2 96. Kxb2 1/2-1/2

[Event "SVK Extraliga 2018/2019"]
[Site "?"]
[Date "2018.11.11"]
[Round "2.2"]
[White "Jablonicky, Martin"]
[Black "Antoniewski, Rafal"]
[Result "1/2-1/2"]
[WhiteElo "2330"]
[BlackElo "2521"]
[PlyCount "69"]
[EventDate "2018.??.??"]

1. e4 c5 2. Nf3 d6 3. d4 cxd4 4. Nxd4 Nf6 5. Nc3 Nc6 6. Bc4 Qb6 7. Nb3 e6 8.
Be3 Qc7 9. Be2 a6 10. g4 b5 11. g5 Nd7 12. f4 Bb7 13. Qd2 Rc8 14. a3 Be7 15.
O-O-O b4 16. axb4 Nxb4 17. Kb1 O-O 18. h4 Rfd8 19. h5 d5 20. g6 dxe4 21. gxf7+
Kxf7 22. Nd4 Nf6 23. Qe1 Qa5 24. Nb3 Rxd1+ 25. Qxd1 Qd8 26. Qxd8 Rxd8 27. Na5
Ba8 28. Nc4 Nbd5 29. Ne5+ Kf8 30. Nxd5 Nxd5 31. Bc1 Bb7 32. Bg4 Nc7 33. Be3 Nd5
34. Bc1 Nc7 35. Be3 1/2-1/2

[Event "SVK Extraliga 2018/2019"]
[Site "?"]
[Date "2018.11.11"]
[Round "2.3"]
[White "Bulski, Krzysztof"]
[Black "Karas, Marek"]
[Result "1/2-1/2"]
[WhiteElo "2544"]
[BlackElo "2224"]
[PlyCount "136"]
[EventDate "2018.??.??"]

1. d4 Nf6 2. c4 e6 3. Nc3 d5 4. cxd5 Nxd5 5. e4 Nxc3 6. bxc3 c5 7. Nf3 cxd4 8.
cxd4 Bb4+ 9. Bd2 Bxd2+ 10. Qxd2 O-O 11. Bc4 Nd7 12. O-O b6 13. Rfe1 Bb7 14. a4
Rc8 15. Bd3 a5 16. Qb2 Qc7 17. Ra3 Qf4 18. Nd2 Rfd8 19. Nc4 Rb8 20. g3 Qf6 21.
e5 Qh6 22. Nd6 Bd5 23. Be4 Bxe4 24. Nxe4 f6 25. f4 fxe5 26. fxe5 Rbc8 27. Nd6
Rc6 28. Qg2 Rc1 29. Qe2 Nb8 30. Rf3 Rxe1+ 31. Qxe1 Qh5 32. Qe4 Nd7 33. Kg2 Rf8
34. Rxf8+ Nxf8 35. h4 g5 36. Qf3 Qxf3+ 37. Kxf3 gxh4 38. gxh4 Ng6 39. h5 Ne7
40. h6 Nd5 41. Ne4 Nc7 42. Ng5 b5 43. axb5 Nxb5 44. Nxe6 a4 45. d5 Kf7 46. Nc5
a3 47. Ke4 a2 48. Nb3 Ke7 49. Kd3 Kd7 50. Na1 Nc7 51. Kc4 Na8 52. Kc5 Nc7 53.
Nb3 Na6+ 54. Kc4 Nc7 55. Kc5 Na6+ 56. Kb5 Nc7+ 57. Kc4 Na6 58. Kc3 Ke7 59. Kb2
Nb4 60. d6+ Ke6 61. Nd4+ Kd7 62. Ka1 Nd3 63. Nf3 Nxe5 64. Nxe5+ Kxd6 65. Ng6
Ke6 66. Nf8+ Kf7 67. Nxh7 Kg6 68. Kxa2 Kxh7 1/2-1/2

[Event "SVK Extraliga 2018/2019"]
[Site "?"]
[Date "2018.11.11"]
[Round "2.4"]
[White "Rohacek, Miroslav"]
[Black "Jurcik, Martin"]
[Result "0-1"]
[WhiteElo "2251"]
[BlackElo "2333"]
[PlyCount "128"]
[EventDate "2018.??.??"]

1. d4 Nf6 2. Nf3 d5 3. c4 dxc4 4. e3 e6 5. Bxc4 a6 6. O-O c5 7. dxc5 Qxd1 8.
Rxd1 Bxc5 9. a3 b5 10. Be2 Ke7 11. b4 Bd6 12. Bb2 Nbd7 13. Ng5 Be5 14. Bxe5
Nxe5 15. f4 Ned7 16. Bf3 Rb8 17. Nd2 Bb7 18. Bxb7 Rxb7 19. Rac1 Nb6 20. Nge4
Nxe4 21. Nxe4 Nc4 22. Nc5 Ra7 23. Rc3 Rc8 24. a4 Nb6 25. axb5 axb5 26. Ne4 Rc4
27. Rxc4 Nxc4 28. Rd3 Ra1+ 29. Kf2 Rb1 30. Nc5 Rxb4 31. Rd7+ Ke8 32. Rb7 Nd6
33. Rb8+ Ke7 34. Kf3 Rc4 35. Nd3 Rc8 36. Rb6 Rc7 37. Nb4 Kd7 38. Nd3 f6 39. e4
Rc3 40. Ke2 Rc2+ 41. Kf3 Rc3 42. Ke2 Rc6 43. Rb8 Rc8 44. Rb6 Nxe4 45. Ke3 Nd6
46. Ra6 Rc7 47. Ra8 Nf5+ 48. Kd2 Kc6 49. g4 Nd6 50. Nb4+ Kb7 51. Rd8 Nc8 52. h4
Nb6 53. Re8 e5 54. fxe5 Nc4+ 55. Ke2 Nxe5 56. g5 Rc4 57. gxf6 gxf6 58. Nd5 Re4+
59. Kf1 Rxh4 60. Re6 Nd7 61. Kg2 Rd4 62. Rd6 Nc5 63. Rb6+ Ka7 64. Rd6 b4 0-1

[Event "SVK Extraliga 2018/2019"]
[Site "?"]
[Date "2018.11.11"]
[Round "2.5"]
[White "Matejovic, Juraj"]
[Black "Bury, Rastislav"]
[Result "1-0"]
[WhiteElo "2250"]
[BlackElo "2144"]
[PlyCount "33"]
[EventDate "2018.??.??"]

1. e4 c5 2. Nf3 d6 3. d4 cxd4 4. Nxd4 Nf6 5. Nc3 a6 6. Bc4 e6 7. Bb3 Nbd7 8. f4
Nc5 9. e5 dxe5 10. fxe5 Nfd7 11. Bf4 Be7 12. Qe2 O-O 13. O-O-O Nxb3+ 14. axb3
Qa5 15. Kb1 Nc5 16. Rhf1 b5 17. b4 1-0

[Event "SVK Extraliga 2018/2019"]
[Site "?"]
[Date "2018.11.11"]
[Round "2.7"]
[White "Magat, Jozef"]
[Black "Lintner, Igor"]
[Result "1/2-1/2"]
[WhiteElo "2112"]
[BlackElo "2161"]
[PlyCount "150"]
[EventDate "2018.??.??"]

1. d4 d5 2. Nf3 Nf6 3. Bg5 Nbd7 4. e3 e6 5. c4 Be7 6. Nc3 O-O 7. Rc1 c6 8. cxd5
Nxd5 9. Bxe7 Qxe7 10. Bd3 Nxc3 11. Rxc3 e5 12. Qc2 g6 13. O-O exd4 14. Nxd4 Ne5
15. Be2 Be6 16. a3 Nd7 17. Rd1 Bd5 18. Bf3 Nf6 19. Bxd5 Nxd5 20. Rcd3 Rfc8 21.
h3 a5 22. Ne2 b5 23. Nd4 Qe8 24. Qd2 Nf6 25. Nb3 Ne4 26. Qc2 c5 27. Rd5 c4 28.
Nc1 Nf6 29. Rd6 Rc6 30. Rxc6 Qxc6 31. Qd2 Qc5 32. Qd4 Qxd4 33. Rxd4 Rc8 34. Kf1
Kf8 35. Ke1 Ke7 36. Ne2 g5 37. Nc3 Rc5 38. f3 h6 39. Kd2 Ke6 40. e4 b4 41. Na4
Rc6 42. Kc2 Ke5 43. Rd8 Kf4 44. Ra8 Kg3 45. Rxa5 bxa3 46. bxa3 Kxg2 47. Rf5
Kxh3 48. Nc3 g4 49. fxg4 Kxg4 50. Rf1 h5 51. a4 h4 52. Ne2 c3 53. Rf4+ Kg5 54.
Rf5+ Kg6 55. Rf4 h3 56. Rh4 h2 57. Rxh2 Nxe4 58. Rh3 Ra6 59. Nxc3 Nxc3 60. Rxc3
Rxa4 61. Kd3 Kg5 62. Ke3 Kg4 63. Kf2 f5 64. Kg2 Ra2+ 65. Kg1 f4 66. Rb3 Re2 67.
Kf1 Rd2 68. Ra3 Rh2 69. Kg1 Re2 70. Kf1 Re3 71. Rxe3 fxe3 72. Ke2 Kf4 73. Ke1
Kf3 74. Kf1 e2+ 75. Ke1 Ke3 1/2-1/2

[Event "SVK Extraliga 2018/2019"]
[Site "?"]
[Date "2018.12.08"]
[Round "3.1"]
[White "Sipos, Istvan"]
[Black "Babula, Vlastimil"]
[Result "0-1"]
[WhiteElo "2492"]
[BlackElo "2541"]
[PlyCount "66"]
[EventDate "2018.??.??"]

1. e4 c5 2. Nf3 e6 3. d4 cxd4 4. Nxd4 a6 5. g3 Ne7 6. Bg2 Nbc6 7. O-O Nxd4 8.
Qxd4 Nc6 9. Qd2 Bc5 10. Nc3 O-O 11. b3 b5 12. Bb2 Bb7 13. Ne2 d6 14. Rad1 Rc8
15. Kh1 e5 16. a3 a5 17. f4 b4 18. axb4 axb4 19. f5 f6 20. Ra1 Qb6 21. Rfd1
Rfd8 22. g4 d5 23. exd5 Ne7 24. c4 bxc3 25. Nxc3 Qxb3 26. Rab1 Qc4 27. Ba1 Ba8
28. h3 Bb4 29. Rbc1 Nxd5 30. Nxd5 Bxd2 31. Rxc4 Rxc4 32. Rxd2 Kf7 33. Kh2 Rc5
0-1

[Event "SVK Extraliga 2018/2019"]
[Site "?"]
[Date "2018.12.08"]
[Round "3.2"]
[White "Markos, Jan"]
[Black "Kourousis, Epaminondas"]
[Result "1-0"]
[WhiteElo "2551"]
[BlackElo "2392"]
[PlyCount "81"]
[EventDate "2018.??.??"]

1. d4 Nf6 2. c4 e6 3. Nc3 Bb4 4. Qc2 d6 5. Nf3 Nbd7 6. e3 b6 7. Be2 Bb7 8. O-O
O-O 9. b3 Bxc3 10. Qxc3 Ne4 11. Qc2 f5 12. Bb2 Rf6 13. d5 Rh6 14. Rad1 Nf8 15.
g3 c5 16. Ne1 exd5 17. cxd5 Qg5 18. Ng2 Ng6 19. f4 Qe7 20. Ba1 Re8 21. Bf3 a5
22. Qb2 Qf7 23. a3 Nf6 24. Rfe1 Rh3 25. b4 axb4 26. axb4 h5 27. bxc5 bxc5 28.
Qb6 h4 29. Bxf6 hxg3 30. hxg3 Rxg3 31. Kf2 Rxf3+ 32. Kxf3 Bxd5+ 33. Kf2 Bxg2
34. Rxd6 Be4 35. Rg1 gxf6 36. Rxf6 Qa2+ 37. Kg3 Bc6 38. Rxg6+ Kf7 39. Qc7+ Kxg6
40. Kh3+ Kf6 41. Qg7+ 1-0

[Event "SVK Extraliga 2018/2019"]
[Site "?"]
[Date "2018.12.08"]
[Round "3.3"]
[White "Jakab, Bela"]
[Black "Kriebel, Tadeas"]
[Result "0-1"]
[WhiteElo "2320"]
[BlackElo "2517"]
[PlyCount "164"]
[EventDate "2018.??.??"]

1. e4 e5 2. Nf3 Nc6 3. Bc4 Nf6 4. d3 h6 5. c3 d6 6. Bb3 g5 7. h3 Bg7 8. Nbd2
O-O 9. Nf1 Ne7 10. Qe2 Ng6 11. Be3 a5 12. g4 d5 13. Bc2 Re8 14. Ng3 Nf4 15. Qd2
Ng2+ 16. Kf1 Nf4 17. Nf5 Bxf5 18. gxf5 N6h5 19. h4 g4 20. Ne1 Qd7 21. Bd1 dxe4
22. dxe4 Qc6 23. Bxg4 Qxe4 24. Rg1 Rad8 25. Qc2 Qc4+ 26. Be2 Nxe2 27. Qxe2 Qxh4
28. Bxh6 Qh3+ 29. Rg2 Ng3+ 30. fxg3 Bxh6 31. Nf3 Qxf5 32. Kg1 Qd3 33. Re1 Qxe2
34. Rgxe2 f6 35. Kg2 Re6 36. Nh4 Bg5 37. Nf3 Bh6 38. Nh4 Rb6 39. Kh3 Rd2 40.
Nf5 Bg5 41. b3 Rxe2 42. Rxe2 Kf7 43. Kg4 Ke6 44. Rh2 Rc6 45. c4 Bc1 46. Rh8 Ba3
47. Ra8 Rc5 48. Rh8 b5 49. Ng7+ Kf7 50. Nh5 bxc4 51. bxc4 e4 52. Nf4 Rg5+ 53.
Kh4 Bd6 54. Rh7+ Kg8 55. Rd7 Bxf4 56. gxf4 Rg7 57. Rd8+ Kf7 58. f5 Rg5 59. Rd7+
Kf8 60. Rd5 e3 61. Rd3 e2 62. Re3 Rxf5 63. Rxe2 Rf4+ 64. Kh5 Kf7 65. Rc2 c5 66.
Rc3 a4 67. Rc2 Ke6 68. Kg6 Rg4+ 69. Kh6 f5 70. Kh5 Ke5 71. Rc3 Re4 72. Kg5 f4
73. Rc2 Re3 74. Rd2 Rg3+ 75. Kh4 Ke4 76. Rd5 Rg8 77. Rxc5 f3 78. Rc7 f2 79. Rf7
Ke3 80. c5 Ke2 81. Re7+ Kf3 82. Rf7+ Kg2 0-1

[Event "SVK Extraliga 2018/2019"]
[Site "?"]
[Date "2018.12.08"]
[Round "3.4"]
[White "Mrva, Martin"]
[Black "Cibickova, Zuzana"]
[Result "1-0"]
[WhiteElo "2420"]
[BlackElo "2243"]
[PlyCount "49"]
[EventDate "2018.??.??"]

1. Nf3 d5 2. g3 Nf6 3. Bg2 e6 4. O-O Be7 5. b3 O-O 6. Bb2 c5 7. c4 Nc6 8. cxd5
Nxd5 9. Nc3 Nb6 10. Rc1 e5 11. Ba3 Nd7 12. Ne1 Qa5 13. Bb2 Nd4 14. Nd3 Rb8 15.
Nd5 Bd6 16. e3 Nc6 17. f4 Qd8 18. Qh5 g6 19. Qh6 f6 20. b4 Nxb4 21. N5xb4 cxb4
22. fxe5 Be7 23. Bd5+ Kh8 24. Nf4 Qe8 25. Rc7 1-0

[Event "SVK Extraliga 2018/2019"]
[Site "?"]
[Date "2018.12.08"]
[Round "3.5"]
[White "Molnar, Erno"]
[Black "Krak, Tomas"]
[Result "0-1"]
[WhiteElo "2252"]
[BlackElo "2298"]
[PlyCount "62"]
[EventDate "2018.??.??"]

1. e4 c5 2. Nf3 Nc6 3. d4 cxd4 4. Nxd4 g6 5. Nc3 Bg7 6. Be3 Nf6 7. Bc4 O-O 8.
Bb3 d6 9. f3 Bd7 10. Qd2 Na5 11. O-O-O Nxb3+ 12. cxb3 Qb8 13. Bg5 Qd8 14. Be3
Qb8 15. Bg5 Re8 16. h4 b5 17. Bxf6 Bxf6 18. h5 Bg7 19. hxg6 hxg6 20. Rh2 d5 21.
Rdh1 Qe5 22. Nde2 d4 23. Nd1 d3 24. Qxd3 Red8 25. Nec3 Rac8 26. Kb1 Be6 27. Qe2
b4 28. Na4 Bd7 29. Ne3 Bb5 30. Qf2 Bd3+ 31. Ka1 Qxh2 0-1

[Event "SVK Extraliga 2018/2019"]
[Site "Podhajska"]
[Date "2018.12.08"]
[Round "3.1"]
[White "Balog, Imre"]
[Black "Krejci, Jan"]
[Result "1-0"]
[WhiteElo "2558"]
[BlackElo "2562"]
[PlyCount "117"]
[EventDate "2018.??.??"]

1. d4 d5 2. Nf3 Nf6 3. c4 e6 4. Nc3 c6 5. Bg5 Nbd7 6. e3 Qa5 7. Nd2 Bb4 8. Qc2
O-O 9. Be2 dxc4 10. Bxf6 Nxf6 11. Nxc4 Qc7 12. O-O Rd8 13. Rac1 Bd7 14. a3 Bd6
15. Nxd6 Qxd6 16. Ne4 Nxe4 17. Qxe4 Be8 18. Rfd1 Rac8 19. Bd3 g6 20. h4 h5 21.
Be2 Qd5 22. Qc2 b6 23. b4 Qf5 24. Qxf5 exf5 25. Rc3 Kf8 26. Kh2 Ke7 27. Kg3 Kd6
28. Rdc1 Bd7 29. Bf3 f6 30. a4 Rc7 31. Ra1 Rb8 32. Kf4 Be6 33. b5 c5 34. dxc5+
Rxc5 35. Rd1+ Ke7 36. Rxc5 bxc5 37. Bc6 Rd8 38. Rxd8 Kxd8 39. e4 fxe4 40. Kxe4
Kc7 41. Be8 Bf5+ 42. Kd5 Kb6 43. f3 Bd3 44. a5+ Kxa5 45. Kxc5 Bf5 46. g3 Bd3
47. g4 g5 48. hxg5 hxg4 49. gxf6 g3 50. f7 g2 51. f8=Q g1=Q+ 52. Kd5 Bxb5 53.
Qa3+ Kb6 54. Qd6+ Ka5 55. Qc7+ Ka6 56. Bxb5+ Kxb5 57. Qc4+ Kb6 58. Qc6+ Ka5 59.
Qc5+ 1-0

[Event "SVK Extraliga 2018/2019"]
[Site "Podhajska"]
[Date "2018.12.08"]
[Round "3.2"]
[White "Zilka, Stepan"]
[Black "Gazik, Viktor"]
[Result "1-0"]
[WhiteElo "2528"]
[BlackElo "2513"]
[PlyCount "70"]
[EventDate "2018.??.??"]

1. e4 c5 2. Nf3 Nf6 3. e5 Nd5 4. Nc3 Nxc3 5. dxc3 Nc6 6. Bf4 Qb6 7. Rb1 e6 8.
Bd3 h6 9. O-O Qc7 10. Re1 a6 11. Bg3 b6 12. Nd2 Bb7 13. Qh5 Ne7 14. Qe2 b5 15.
c4 b4 16. a3 Qc6 17. f3 Nf5 18. Bf2 Be7 19. Be4 Qc7 20. Bxb7 Qxb7 21. Qe4 Qc8
22. g4 Nh4 23. Red1 h5 24. Ra1 Rb8 25. b3 hxg4 26. fxg4 f5 27. exf6 Bxf6 28.
Bxh4 Rxh4 29. Nf3 Bxa1 30. Rxa1 Rh8 31. Qg6+ Kd8 32. Qg5+ Ke8 33. Qxg7 Rf8 34.
Ne5 Qb7 35. Ng6 Rh8 1-0

[Event "SVK Extraliga 2018/2019"]
[Site "Podhajska"]
[Date "2018.12.08"]
[Round "3.3"]
[White "Horvath, Csaba"]
[Black "Leniart, Arkadiusz"]
[Result "1-0"]
[WhiteElo "2510"]
[BlackElo "2498"]
[PlyCount "87"]
[EventDate "2018.??.??"]

1. Nf3 Nf6 2. g3 d5 3. Bg2 Nbd7 4. c4 e6 5. b3 Bd6 6. Bb2 c6 7. Nc3 O-O 8. Qc2
b6 9. d4 Bb7 10. O-O Rc8 11. e4 Bb4 12. e5 Ne8 13. h4 Nc7 14. Ng5 g6 15. Rad1
Be7 16. Bc1 Ba6 17. Rfe1 dxc4 18. Bxc6 Nb8 19. Bg2 cxb3 20. Qxb3 Bc4 21. Qxc4
Nd5 22. Qxc8 Qxc8 23. Nxd5 exd5 24. Bxd5 h6 25. e6 Qd8 26. exf7+ Kh8 27. Nh3
Qxd5 28. Rxe7 Nc6 29. Nf4 Qf3 30. Rd3 Qxd3 31. Nxd3 Nxe7 32. Ba3 Rxf7 33. Ne5
Kg7 34. Nxf7 Kxf7 35. Bxe7 Kxe7 36. g4 b5 37. f4 h5 38. gxh5 gxh5 39. Kf2 Ke6
40. Ke3 a5 41. Kd3 Ke7 42. d5 Kd6 43. Kd4 a4 44. a3 1-0

[Event "SVK Extraliga 2018/2019"]
[Site "Podhajska"]
[Date "2018.12.08"]
[Round "3.4"]
[White "Klekowski, Maciej"]
[Black "Polak, Tomas"]
[Result "1-0"]
[WhiteElo "2499"]
[BlackElo "2508"]
[PlyCount "71"]
[EventDate "2018.??.??"]

1. c4 e5 2. g3 Nc6 3. Bg2 Nf6 4. Nc3 Bb4 5. e4 O-O 6. Nge2 d6 7. O-O h6 8. h3
Bc5 9. Kh2 a6 10. a3 Nd4 11. b4 Ba7 12. d3 c6 13. a4 Nxe2 14. Nxe2 d5 15. Bb2
dxc4 16. dxc4 Qe7 17. a5 Qxb4 18. Bxe5 Qxc4 19. Bxf6 gxf6 20. Nf4 Be6 21. Ra4
Rfd8 22. Nd5 cxd5 23. Rxc4 dxc4 24. Qc1 Kg7 25. f4 Bd4 26. f5 Bd7 27. Rf4 Rac8
28. e5 Bxf5 29. Rh4 h5 30. Rxh5 Rh8 31. exf6+ Bxf6 32. Rxf5 c3 33. Qf4 c2 34.
Rxf6 c1=Q 35. Rxf7+ Kg8 36. Rf8+ 1-0

[Event "SVK Extraliga 2018/2019"]
[Site "Podhajska"]
[Date "2018.12.08"]
[Round "3.5"]
[White "Likavsky, Tomas"]
[Black "Druska, Juraj"]
[Result "1/2-1/2"]
[WhiteElo "2423"]
[BlackElo "2443"]
[PlyCount "22"]
[EventDate "2018.??.??"]

1. d4 Nf6 2. c4 e6 3. g3 d5 4. Bg2 Bb4+ 5. Bd2 Be7 6. Bc3 O-O 7. Nf3 c5 8. dxc5
dxc4 9. O-O Qc7 10. Nbd2 Qxc5 11. Bxf6 gxf6 1/2-1/2

[Event "SVK Extraliga 2018/2019"]
[Site "Bratislava"]
[Date "2018.12.08"]
[Round "3.1"]
[White "Papp, Gabor"]
[Black "Cvek, Robert"]
[Result "1-0"]
[WhiteElo "2603"]
[BlackElo "2520"]
[PlyCount "83"]
[EventDate "2018.??.??"]

1. e4 c5 2. Nf3 Nc6 3. d4 cxd4 4. Nxd4 g6 5. c4 Nf6 6. Nc3 d6 7. f3 Nxd4 8.
Qxd4 Bg7 9. Be3 O-O 10. Qd2 Be6 11. Be2 Qa5 12. Rc1 Rfc8 13. b3 a6 14. Na4
Qxd2+ 15. Kxd2 Nd7 16. g4 f5 17. exf5 gxf5 18. h3 Rf8 19. f4 Rad8 20. Nc3 d5
21. cxd5 Nf6 22. Ke1 Nxd5 23. Nxd5 Bxd5 24. Rg1 fxg4 25. hxg4 Rc8 26. Kf2 Rxc1
27. Rxc1 Be5 28. Kg3 Bd6 29. Rd1 Be4 30. Bc4+ Kg7 31. Rd4 Bb1 32. Kh4 b5 33.
Be6 Kf6 34. f5 Bc5 35. b4 Bb6 36. Bg5+ Ke5 37. Rd5+ Ke4 38. Rd1 Bc2 39. Rd2 Bd3
40. Bxe7 Bd8 41. Bxd8 Rxd8 42. Kg5 1-0

[Event "SVK Extraliga 2018/2019"]
[Site "Bratislava"]
[Date "2018.12.08"]
[Round "3.2"]
[White "Vykouk, Jan"]
[Black "Antal, Gergely"]
[Result "1/2-1/2"]
[WhiteElo "2435"]
[BlackElo "2553"]
[PlyCount "60"]
[EventDate "2018.??.??"]

1. e4 c6 2. d4 d5 3. Nd2 dxe4 4. Nxe4 Nf6 5. Nxf6+ exf6 6. c3 Bd6 7. Bd3 O-O 8.
Qc2 Re8+ 9. Ne2 h5 10. Be3 Na6 11. O-O-O Nc7 12. Nf4 Bxf4 13. Bxf4 Nd5 14. Bd2
b5 15. Rde1 Be6 16. h3 Qd6 17. g4 Nf4 18. gxh5 Nxd3+ 19. Qxd3 Qd5 20. Rhg1 Bf5
21. Qg3 Rxe1+ 22. Bxe1 g5 23. hxg6 Qe4 24. gxf7+ Kxf7 25. Qc7+ Kf8 26. Qg7+ Ke8
27. Qg8+ Ke7 28. Qb3 Qb1+ 29. Kd2 Qd3+ 30. Kc1 Qb1+ 1/2-1/2

[Event "SVK Extraliga 2018/2019"]
[Site "Bratislava"]
[Date "2018.12.08"]
[Round "3.3"]
[White "Ftacnik, Lubomir"]
[Black "Jablonicky, Martin"]
[Result "1/2-1/2"]
[WhiteElo "2512"]
[BlackElo "2318"]
[PlyCount "100"]
[EventDate "2018.??.??"]

1. d4 Nf6 2. Nf3 g6 3. c4 Bg7 4. Nc3 O-O 5. e4 d6 6. Be2 e5 7. O-O exd4 8. Nxd4
Re8 9. f3 Nc6 10. Be3 Nh5 11. Qd2 Nf4 12. Rad1 Nxd4 13. Bxd4 Bxd4+ 14. Qxd4 Qg5
15. g3 Nxe2+ 16. Nxe2 b6 17. Nf4 Bb7 18. Rf2 Re7 19. Nd5 Bxd5 20. Qxd5 Qxd5 21.
cxd5 f5 22. exf5 gxf5 23. Rc2 a5 24. Rd3 a4 25. Kf2 Ra5 26. Re3 Rxe3 27. Kxe3
Rc5 28. Rc3 Kf7 29. Kd4 Kf6 30. a3 Rb5 31. Rxc7 Rxb2 32. Rd7 Rd2+ 33. Kc4 Rc2+
34. Kd3 Rxh2 35. Rxd6+ Ke5 36. Rxb6 Ra2 37. Ra6 Kxd5 38. Rxa4 Rg2 39. Ke3 Rxg3
40. Kf4 Rh3 41. Ra5+ Ke6 42. a4 Rh4+ 43. Kg5 Rb4 44. Ra8 h6+ 45. Kxh6 Rf4 46.
a5 Kf6 47. Rf8+ Ke7 48. Kg5 Rxf3 49. Rxf5 Rxf5+ 50. Kxf5 Kd6 1/2-1/2

[Event "SVK Extraliga 2018/2019"]
[Site "Bratislava"]
[Date "2018.12.08"]
[Round "3.4"]
[White "Berezjuk, Sergej"]
[Black "Pacher, Milan"]
[Result "1/2-1/2"]
[WhiteElo "2421"]
[BlackElo "2446"]
[PlyCount "33"]
[EventDate "2018.??.??"]

1. e4 e5 2. Nf3 Nf6 3. Nc3 Bb4 4. Nxe5 O-O 5. Nd3 Bxc3 6. dxc3 Nxe4 7. Be2 d5
8. O-O Bf5 9. Nf4 c6 10. Be3 Nd7 11. Re1 h6 12. Bf1 Re8 13. f3 Nd6 14. Qd2 Nc4
15. Bxc4 dxc4 16. b3 Nf8 17. bxc4 1/2-1/2

[Event "SVK Extraliga 2018/2019"]
[Site "Bratislava"]
[Date "2018.12.08"]
[Round "3.5"]
[White "Bures, Jaroslav"]
[Black "Gasa, Andrej"]
[Result "1-0"]
[WhiteElo "2388"]
[BlackElo "2265"]
[PlyCount "97"]
[EventDate "2018.??.??"]

1. e4 c5 2. Nf3 d6 3. d4 cxd4 4. Nxd4 Nf6 5. Nc3 a6 6. Bg5 e6 7. Qf3 Be7 8.
O-O-O Qc7 9. Qg3 Nc6 10. Bxf6 gxf6 11. Qg7 Rf8 12. Qxh7 Nxd4 13. Rxd4 Qc5 14.
Rd2 b5 15. h4 Bb7 16. f3 b4 17. Nd1 a5 18. Qh6 O-O-O 19. Ne3 Kb8 20. Ng4 f5 21.
exf5 Qxf5 22. Bd3 Qc5 23. Qg7 Qh5 24. Nh6 Rde8 25. g4 Qd5 26. Kb1 Qxf3 27. Rf1
Qe3 28. Rdf2 Bxh4 29. Rxf7 Rxf7 30. Nxf7 Bg3 31. Nxd6 Bxd6 32. Qd7 Rg8 33.
Qxd6+ Ka7 34. Qc7 Rg5 35. b3 Qd4 36. Rf7 Qg1+ 37. Bf1 Qb6 38. Qg3 Qd4 39. Be2
e5 40. Qh2 e4 41. Qh6 Qg1+ 42. Bf1 Rb5 43. Qc1 Rb6 44. Qg5 Qd4 45. Qxa5+ Kb8
46. Be2 Ba6 47. Rd7 Qe3 48. Qe5+ Ka8 49. Bxa6 1-0

[Event "SVK Extraliga 2018/2019"]
[Site "Bratislava"]
[Date "2018.12.08"]
[Round "3.6"]
[White "Karas, Marek"]
[Black "Briestensky, Rastislav"]
[Result "1-0"]
[WhiteElo "2243"]
[BlackElo "2343"]
[PlyCount "121"]
[EventDate "2018.??.??"]

1. d4 Nf6 2. c4 e6 3. Nc3 d5 4. Nf3 Be7 5. Bf4 O-O 6. e3 Nh5 7. Bg3 c6 8. Bd3
f5 9. Qc2 Na6 10. a3 dxc4 11. Bxc4 b5 12. Be2 Nxg3 13. hxg3 Bf6 14. O-O Bd7 15.
e4 Qb6 16. a4 Kh8 17. Rfd1 Rac8 18. Ne5 Bxe5 19. dxe5 Be8 20. Qd2 fxe4 21. Qd4
Qxd4 22. Rxd4 Nc5 23. Rad1 Bg6 24. axb5 cxb5 25. Bxb5 a6 26. Be2 h6 27. Rc4 Nd3
28. Rxc8 Rxc8 29. Bxd3 exd3 30. f4 Rb8 31. Rd2 Rb4 32. Kf2 h5 33. Na2 Rc4 34.
b3 Rc5 35. Nb4 a5 36. Nxd3 Rc3 37. Nb2 Rxb3 38. Nc4 a4 39. Rd8+ Kh7 40. Ra8 Rb4
41. Nd6 Bc2 42. Ra7 Kh6 43. Ra6 Bd3 44. Ra7 Bc2 45. Ra6 Bd3 46. Ra8 Kh7 47. Ra7
Kh6 48. Nb7 Rb2+ 49. Ke3 Bb5 50. Nd6 Bc6 51. f5 exf5 52. Ra6 Rc2 53. e6 a3 54.
Nxf5+ Kg5 55. Nd4 Rc5 56. Nxc6 a2 57. Nd4 Re5+ 58. Kf2 Re4 59. Rxa2 Rxd4 60. e7
Re4 61. Re2 1-0